000 00422nam a2200193Ia 4500
008 101110s9999 xx 000 0 und d
041 _aMARATHI
082 _bSR1013
_a891.464
100 _aMate S.M.
245 _aVichar Manthan
365 _b5.5
520 _aMarathi
546 _aMARATHI
630 _aVichar Manthan
650 _aMarathi
655 _aMarathi
730 _aVichar Manthan
942 _cBOOK
999 _c798138
_d798135